Rosa Cagliari 25-26 - Statistics

Statistiche generali
  • Questo quiz è stato fatto 35 volte
  • Il punteggio medio è 19 su 29
Statistiche sulle risposte
Ruolo Numero Nazionalità Valore Risposta % Corretto
AT 94 ITALIA 9 mln Sebastiano Esposito
100%
TD 2 ITALIA 25 mln Marco Palestra
96%
DC 26 COLOMBIA 3 mln Yerry Mina
96%
POR 1 ITALIA 15 mln Elia Caprile
93%
ATT 77 ANGOLA 3,5 mln Zito Luvumbo
93%
DC 6 ITALIA 4 mln Sebastiano Luperto
89%
COC 10 ITALIA 4 mln Gianluca Gaetano
86%
TD 28 ITALIA 4 mln Gabriele Zappa
82%
CC 4 ITALIA 1,4 mln Luca Mazzitelli
79%
ATT 9 TURCHIA 10 mln Semih Kilicsoy
79%
ATT 30 ITALIA 0,7 mln Leonardo Pavoletti
75%
DC 33 SLOVACCHIA 4 mln Adam Obert
71%
CC 90 ITALIA / NIGERIA 6 mln Michel Folorunsho
71%
ALL - ITALIA - Fabio Pisacane
68%
ATT 29 ITALIA 3 mln Gennaro Borrelli
68%
CDC 16 ITALIA 6 mln Matteo Prati
68%
CC 8 FRANCIA / COSTA D'AVORIO 6 mln Michel Adopo
68%
TS 3 ITALIA / MAROCCO 2,5 mln Riyad Idrissi
64%
ATT 19 ITALIA 1,5 mln Andrea Belotti
54%
DC 32 PORTOGALLO 2,5 mln Ze Pedro
54%
DC 15 URUGUY 5 mln Juan Rodriguez
50%
DC 22 ITALIA 7 mln Alberto Dossena
43%
POR 12 ALBANIA 1 mln Alen Sherri
43%
CDC 25 GHANA 6 mln Ibrahim Sulemana
43%
CC 14 ITALIA 1,6 mln Alessandro Deiola
39%
AS 17 ITALIA 2,8 mln Mattia Felici
32%
POR 24 ITALIA 0,1 mln Giuseppe Ciocci
18%
CC 27 ZAMBIA 2 mln Joseph Liteta
18%
AS 20 URUGUAY / ITALIA 1,8 mln Agustin Albarracin
14%
Nessun quiz corrispondente trovato
Distribuzione punteggi
Percentuale di utenti per punteggio
Percentile per numero di risposta
I tuoi punteggi nel tempo
Non hai fatto questo quiz